Zamachy na prezydentów USA - Statystyki

Ogólne statystyki
  • Ten quiz został rozwiązany 18 razy
  • Średni wynik to 7 z 12
Statystyki odpowiedzi
Zamach Rok Status Prezydent % Poprawnych
Udany 1865 Prezydent Abraham Lincoln
93%
Udany 1963 Prezydent John F. Kennedy
93%
Nieudany 2024 Były prezydent Donald Trump
87%
Nieudany 1981 Prezydent Ronald Reagan
67%
Nieudany 1975 Prezydent Gerald Ford
53%
Nieudany 1975 Prezydent Gerald Ford
53%
Udany 1901 Prezydent William McKinley
53%
Nieudany 1950 Prezydent Harry S. Truman
47%
Udany 1881 Prezydent James Garfield
47%
Nieudany 1933 Prezydent-elekt Franklin D. Roosevelt
40%
Nieudany 1835 Prezydent Andrew Jackson
33%
Nieudany 1912 Były prezydent Theodore Roosevelt
33%
Nie znaleziono quizów pasujących do podanych kryteriów
Rozkład punktacji
Procent ludzi z każdym wynikiem
Percentyl według liczby udzielonych odpowiedzi
Twoja historia wyników
Nie rozwiązałeś tego quizu